000
00275nam a22001337a 4500
008
181106b xxu||||| |||| 00| 0 eng d
020
_a
0962768804
041
_a
eng
080
_a
616.5
100
_a
7
101
_a
DER
245
_a
SunSense
_c
Robins,P
942
_2
udc
_c
BK
999
_c
52010
_d
52010